Most Guessed NHL Teams on JetPunk - Statistics

General Stats
  • This quiz has been taken 221 times
  • The average score is 4 of 5
Answer Stats
% Team % Correct
86 Toronto Maple Leafs
91%
87 Montreal Canadiens
88%
89 New York Rangers
87%
88 Boston Bruins
86%
92 Pittsburgh Penguins
75%
No matching quizzes found
Score Distribution
Percent of People with Each Score
Percentile by Number Answered
Your Score History
You have not taken this quiz